000 003920000a22001450004500
001 11098
020 _a84-206-0061-X
041 0 _aSPA
082 0 4 _aG 863 K238c
100 1 _aKazantzakis, Niko (1883-1957)
245 1 0 _aCristo de nuevo crucificado / Niko Kazantzakis ; José Luis de Izquierdo Hernandez, Traductor
260 _aMadrid, España : Alianza
300 _a447 Pag
942 _cBK
999 _c40469
_d40469